000 00897nas a2200277 4500
001 BR2014003023
003 BR-BrBNA
005 20231205124015.0
007 ta
008 230509b bl.|||p| |||| 00| 00por d
040 _aBR-BrBNA
_bpor
_cBiblioteca Nacional de Agricultura
041 _a(Pt)
072 _aH10
100 1 _aBittencourt, A.J.
245 1 _aAvaliação de surtos e medidas de controle ambiental de Stomoxys calcitrans (Diptera: Muscidae)na região sudeste do Brasil
650 _aCANAVIAL
650 _aMOSCA DOS ESTÁBULOS
650 _aSTOMOXYS CALCITRANS
650 _aDIPTERO
650 _aEPIDEMIA
650 _aCONTROLE AMBIENTAL
650 _aSUDESTE
773 0 _tRevista Brasileira de Medicina Veterinária (Brazil)
_xISSN 0100-2430
_g(Dec 2012), v. 34(supl. 1) p. 73-82
_wBR2014003023
909 _a202311
_bLúcia
_c55
_dLúcia Elande
942 _2AGRIS
_n0
_cANA
999 _c236866
_d236866